000 00342 a2200157 4500
001 71404
020 _a8516008797
040 _cAnchieta - Colégio São Paulo
100 _aPortela, Fernando
240 1 0 _aUm gordo feliz
_lpor
245 1 0 _aUm gordo feliz
300 _a46
362 0 _a1998
650 4 _aLiteratura juvenil
942 _cBK
999 _c71404
_d71404